PHARMACEUTICAL CHEMISTRY-I : FOR 1ST YEAR D. PHARMA STUDENTS [AS PER PCI SYLLABUS (Record no. 8968)

MARC details
000 -LEADER
fixed length control field 00491nam a22001697a 4500
005 - DATE AND TIME OF LATEST TRANSACTION
control field 20251127172032.0
008 - FIXED-LENGTH DATA ELEMENTS--GENERAL INFORMATION
fixed length control field 251124b |||||||| |||| 00| 0 eng d
020 ## - INTERNATIONAL STANDARD BOOK NUMBER
ISBN 978-93-91208-06-6
041 ## - LANGUAGE CODE
Language code of text/sound track or separate title eng
082 ## - DEWEY DECIMAL CLASSIFICATION NUMBER
Classification number 615.78 KUM-P
100 ## - MAIN ENTRY--AUTHOR NAME
Personal name KUMAR, DR. RAJEEV AND KHADE, DR. AMOL B.
245 ## - TITLE STATEMENT
Title PHARMACEUTICAL CHEMISTRY-I : FOR 1ST YEAR D. PHARMA STUDENTS [AS PER PCI SYLLABUS
250 ## - EDITION STATEMENT
Edition statement RE PRINT ED. 2025
300 ## - PHYSICAL DESCRIPTION
Number of Pages 204;P
650 ## - SUBJECT ADDED ENTRY--TOPICAL TERM
Topical Term PHARMACY
General subdivision B.PHARMA
942 ## - ADDED ENTRY ELEMENTS (KOHA)
Koha item type Books
Holdings
Lost status Damaged status Collection code Home library Current library Shelving location Date acquired Source of acquisition Cost, normal purchase price Full call number Accession Number Koha item type
    PHARMACY JRU Library JRU Library SHELF-3-E 14/11/2025 PURCHASE 600.00 615.78 29079 Books